000 00696nam a22002297a 4500
003 SEM
005 20231221142522.0
008 231221b2019 ai ||||gr||||||01|0 eng|d
020 _a9789939919010
040 _aSEM
_cSEM
041 _aeng
_harm
080 _a947.925(K)/B-17
100 _aBakour
_d(1941-)
_q(Karapetyan Boris Avanes)
245 _aThe ten roots of the Artsakh problem /
_cBakour; Trl.: Hachatoor; Edt.: H. Khudanyan
260 _aYerevan :
_b"Shushi Foundation" pub.,
_c2019.
300 _a103 p. ;
_bmap, photos, tables;
_c20 cm
650 _aHistory of Artsakh
653 _aՍԷՄ
700 _aHachatoor
_4edt.
700 _aKhudanyan Harutyun
_4edt.
942 _2udc
_cBK
_n0
999 _c74521
_d74521